[Event "GBR-ch89 Senior"]
[Site "Torquay"]
[Date "2002.08.05"]
[Round "3"]
[White "Ellison, D George"]
[Black "Gill, Neville"]
[Result "0-1"]
[WhiteElo "2016"]
[BlackElo "2112"]
[PlyCount "114"]
[EventDate "2002.08.03"]
[EventType "swiss"]
[EventRounds "7"]
[EventCountry "GBR"]

1. c4 Nf6 2. d4 e6 3. Nf3 d5 4. Nc3 c5 5. e3 Nc6 6. a3 cxd4 7. exd4 Be7 8. Bf4
O-O 9. h3 b6 10. Rc1 Bb7 11. cxd5 Nxd5 12. Nxd5 Qxd5 13. Bd3 Rfd8 14. Be3 Bf6
15. Bc4 Qd6 16. O-O Nxd4 17. Nxd4 Bxd4 18. Bxd4 Qxd4 19. Qxd4 Rxd4 20. f3 Rc8
21. Bb3 Rdd8 22. Rxc8 Rxc8 23. Rd1 Bc6 24. Bc4 Kf8 25. Ba6 Rc7 26. Rc1 Ke7 27.
Bb5 Kd6 28. Bxc6 Rxc6 29. Rd1+ Ke7 30. Rd2 e5 31. Kf2 f5 32. Ke3 Rc4 33. Ke2 h5
34. Ke3 g5 35. Kf2 h4 36. Ke3 Rc1 37. Kf2 Ke6 38. Ke3 b5 39. Ke2 a5 40. Kd3 Rc4
41. Ke2 b4 42. axb4 Rxb4 43. Ke3 Rb3+ 44. Ke2 e4 45. fxe4 fxe4 46. Rc2 a4 47.
Kf1 Kf5 48. Rc4 Rxb2 49. Rxa4 Kf4 50. Ra8 Kg3 51. Ra5 Rf2+ 52. Ke1 Rxg2 53.
Rxg5+ Kxh3 54. Re5 Rg4 55. Ra5 Kg2 56. Rf5 h3 57. Rf2+ Kg3 0-1

[Event "GBR-ch89 Senior"]
[Site "Torquay"]
[Date "2002.08.05"]
[Round "3"]
[White "Flockhart, Hugh S"]
[Black "Tidmarsh, David A"]
[Result "0-1"]
[WhiteElo "1704"]
[BlackElo "1648"]
[PlyCount "72"]
[EventDate "2002.08.03"]
[EventType "swiss"]
[EventRounds "7"]
[EventCountry "GBR"]

1. e4 d5 2. Nc3 d4 3. Nce2 e5 4. Ng3 Nf6 5. Bc4 c5 6. a3 Nc6 7. d3 h6 8. N1e2
Qc7 9. O-O g5 10. Kh1 Bd6 11. Ng1 Bg4 12. Qe1 O-O-O 13. Bd2 Rdg8 14. b4 h5 15.
bxc5 Bxc5 16. Qb1 h4 17. N3e2 Nh5 18. Qb3 Nd8 19. Rab1 Nf4 20. Rfe1 Bxe2 21.
Nxe2 Rg6 22. Ng1 Nde6 23. Nf3 Nd8 24. Qa4 g4 25. Ba5 b6 26. Ba6+ Kb8 27. Nd2 g3
28. h3 gxf2 29. Rf1 Rxg2 30. Nf3 Rhg8 31. Bd2 Nxh3 32. Qc4 R2g3 33. Nxh4 Rg1+
34. Kh2 R1g3 35. Qd5 Ng1 36. Rxf2 Rh3# 0-1

[Event "GBR-ch89 Senior"]
[Site "Torquay"]
[Date "2002.08.05"]
[Round "3"]
[White "Heath, Jeffrey"]
[Black "Woodcock, Roy"]
[Result "1/2-1/2"]
[WhiteElo "1688"]
[BlackElo "1664"]
[PlyCount "27"]
[EventDate "2002.08.03"]
[EventType "swiss"]
[EventRounds "7"]
[EventCountry "GBR"]

1. e4 e5 2. Nf3 Nf6 3. Nxe5 d6 4. Nf3 Nxe4 5. Qe2 Qe7 6. d3 Nf6 7. Nc3 Bg4 8.
Qxe7+ Bxe7 9. Be2 O-O 10. O-O c6 11. h3 Bxf3 12. Bxf3 Nbd7 13. d4 d5 14. Re1
1/2-1/2

[Event "GBR-ch89 Senior"]
[Site "Torquay"]
[Date "2002.08.05"]
[Round "3"]
[White "Nicolson, James R"]
[Black "Pinkerton, Arthur"]
[Result "1/2-1/2"]
[WhiteElo "1656"]
[BlackElo "1768"]
[PlyCount "26"]
[EventDate "2002.08.03"]
[EventType "swiss"]
[EventRounds "7"]
[EventCountry "GBR"]

1. c4 Nf6 2. g3 g6 3. Bg2 Bg7 4. Nc3 d6 5. e4 c5 6. Nge2 Nc6 7. O-O O-O 8. d3
a6 9. h3 e5 10. Be3 Ne8 11. Qd2 Nd4 12. f4 f5 13. fxe5 dxe5 1/2-1/2

[Event "GBR-ch89 Senior"]
[Site "Torquay"]
[Date "2002.08.05"]
[Round "3"]
[White "Reddie, Michael J"]
[Black "Donaghay, Richard H"]
[Result "1-0"]
[WhiteElo "1800"]
[BlackElo "1712"]
[PlyCount "65"]
[EventDate "2002.08.03"]
[EventType "swiss"]
[EventRounds "7"]
[EventCountry "GBR"]

1. d4 d6 2. g3 g6 3. Bg2 Bg7 4. Nf3 c5 5. c3 Nd7 6. O-O Ngf6 7. Re1 O-O 8. Nbd2
Rb8 9. a4 b6 10. e4 Qc7 11. b3 Ba6 12. Bb2 Rbc8 13. c4 cxd4 14. Nxd4 Nc5 15.
Qc2 Bb7 16. Nb5 Qb8 17. Nc3 Qa8 18. a5 Nfd7 19. b4 Ne6 20. a6 Bc6 21. b5 Nd4
22. Qb1 Nc5 23. bxc6 Nxc6 24. Nb5 Qb8 25. Ra3 Bh6 26. f4 Ne6 27. Bh3 Rcd8 28.
Nf3 Nc5 29. Nfd4 Nb4 30. Bc3 e5 31. Bxb4 exd4 32. Nxd4 Rfe8 33. Nc6 1-0

[Event "GBR-ch89 Senior"]
[Site "Torquay"]
[Date "2002.08.05"]
[Round "3"]
[White "Smith, Ivor BN"]
[Black "Macdonald-Ross, Michael"]
[Result "1/2-1/2"]
[WhiteElo "1976"]
[BlackElo "2064"]
[PlyCount "42"]
[EventDate "2002.08.03"]
[EventType "swiss"]
[EventRounds "7"]
[EventCountry "GBR"]

1. e4 c6 2. Nc3 d5 3. Qf3 dxe4 4. Nxe4 Nd7 5. d4 Nb6 6. c3 Nf6 7. Bd3 Nxe4 8.
Bxe4 Be6 9. Ne2 Bd5 10. O-O Bxe4 11. Qxe4 Qd5 12. Qc2 g6 13. b3 Qf5 14. Qd2
O-O-O 15. Ng3 Qd7 16. Qe2 Bg7 17. Ba3 Rhe8 18. Ne4 Qc7 19. f4 Nd5 20. Bb2 Kb8
21. g3 e6 1/2-1/2

[Event "GBR-ch89 Senior"]
[Site "Torquay"]
[Date "2002.08.05"]
[Round "3"]
[White "Thomas, Norman G"]
[Black "Smith, David"]
[Result "1/2-1/2"]
[WhiteElo "1584"]
[BlackElo "1704"]
[PlyCount "100"]
[EventDate "2002.08.03"]
[EventType "swiss"]
[EventRounds "7"]
[EventCountry "GBR"]

1. e4 Nf6 2. Nc3 d6 3. d4 g6 4. Nf3 Bg7 5. Bc4 c6 6. O-O O-O 7. h3 Nxe4 8.
Bxf7+ Rxf7 9. Nxe4 Na6 10. c3 Kh8 11. Neg5 Rf8 12. Qb3 d5 13. Ne5 Bxe5 14. dxe5
h6 15. Nf3 Kg7 16. Qc2 Rxf3 17. gxf3 Bxh3 18. Re1 e6 19. Kh2 Qh4 20. Kg1 Rf8
21. Qe2 Rf5 22. f4 Rh5 23. Qf3 Bg4 24. Qg2 Nc5 25. Re3 Ne4 26. f3 Bh3 27. Qh2
Ng3 28. Re1 Nf5 29. Bd2 g5 30. fxg5 hxg5 31. Rad1 g4 32. Qf4 gxf3 33. Qxh4 Rxh4
34. Kf2 Bg2 35. Bc1 Rg4 36. Rd3 Ng3 37. Rxf3 Bxf3 38. Kxf3 Rg6 39. Rg1 Nf5 40.
Rxg6+ Kxg6 41. Kf4 c5 42. b3 b5 43. Ba3 d4 44. cxd4 cxd4 45. Ke4 a6 46. Bc5 Kg5
47. a4 bxa4 48. bxa4 Kg4 49. a5 Kg5 50. Bb6 Kg4 1/2-1/2

[Event "GBR-ch89 Senior"]
[Site "Torquay"]
[Date "2002.08.05"]
[Round "3"]
[White "Toothill, John"]
[Black "Westra, Roelof D"]
[Result "1/2-1/2"]
[WhiteElo "2048"]
[BlackElo "2000"]
[PlyCount "61"]
[EventDate "2002.08.03"]
[EventType "swiss"]
[EventRounds "7"]
[EventCountry "GBR"]

1. e4 c5 2. Nf3 Nc6 3. Bb5 g6 4. O-O Qc7 5. Re1 Bg7 6. Nc3 e6 7. Bxc6 dxc6 8.
d3 Ne7 9. Be3 b6 10. Qd2 O-O 11. e5 Nd5 12. Bg5 Nxc3 13. Qxc3 h6 14. Bf6 Re8
15. Bxg7 Kxg7 16. Re4 Bb7 17. Rae1 c4 18. Rxc4 c5 19. Qd2 Bxf3 20. gxf3 Rad8
21. Rh4 Rh8 22. Qe3 Qe7 23. Re4 Qg5+ 24. Rg4 Qxe3 25. fxe3 Rd5 26. Ra4 a5 27.
Re4 Rc8 28. Re2 b5 29. b3 c4 30. bxc4 bxc4 31. dxc4 1/2-1/2

[Event "GBR-ch89 Senior"]
[Site "Torquay"]
[Date "2002.08.06"]
[Round "4"]
[White "Boyce, James R"]
[Black "Ellison, D George"]
[Result "1/2-1/2"]
[WhiteElo "1960"]
[BlackElo "2016"]
[PlyCount "40"]
[EventDate "2002.08.03"]
[EventType "swiss"]
[EventRounds "7"]
[EventCountry "GBR"]

1. e4 c5 2. Nf3 d6 3. Bb5+ Bd7 4. Bxd7+ Nxd7 5. O-O Ngf6 6. Re1 e6 7. c4 Be7 8.
Nc3 O-O 9. b3 Re8 10. d4 cxd4 11. Qxd4 a6 12. Bb2 Qb6 13. Qxb6 Nxb6 14. Rad1
Rad8 15. Ba3 Rd7 16. Bb4 Rc8 17. Re3 Kf8 18. Red3 Rc6 19. a4 Ke8 20. Kf1 Nc8
1/2-1/2

[Event "GBR-ch89 Senior"]
[Site "Torquay"]
[Date "2002.08.06"]
[Round "4"]
[White "Donaghay, Richard H"]
[Black "Thomas, Norman G"]
[Result "1-0"]
[WhiteElo "1712"]
[BlackElo "1584"]
[PlyCount "69"]
[EventDate "2002.08.03"]
[EventType "swiss"]
[EventRounds "7"]
[EventCountry "GBR"]

1. e4 c5 2. Nf3 Nf6 3. e5 Nd5 4. Nc3 e6 5. Nxd5 exd5 6. d4 d6 7. exd6 Bxd6 8.
Bg5 Be7 9. Bxe7 Qxe7+ 10. Qe2 Be6 11. Qb5+ Bd7+ 12. Qe2 Be6 13. Qe5 f6 14. Bb5+
Nc6 15. Qe3 O-O 16. Bxc6 bxc6 17. dxc5 Rfe8 18. O-O Qd7 19. Qc3 Bf7 20. Rfe1
Re4 21. Rad1 Rae8 22. Rxe4 Rxe4 23. b4 Bh5 24. a3 Qe8 25. Kf1 Rc4 26. Qe1 Re4
27. Qd2 Qg6 28. Re1 Bxf3 29. gxf3 Re5 30. f4 Re4 31. Rxe4 Qxe4 32. Qe3 f5 33.
Qxe4 fxe4 34. b5 Kf8 35. b6 1-0

[Event "GBR-ch89 Senior"]
[Site "Torquay"]
[Date "2002.08.06"]
[Round "4"]
[White "Gill, Neville"]
[Black "Anderton, David W"]
[Result "0-1"]
[WhiteElo "2112"]
[BlackElo "2152"]
[PlyCount "52"]
[EventDate "2002.08.03"]
[EventType "swiss"]
[EventRounds "7"]
[EventCountry "GBR"]

1. Nf3 f5 2. g3 Nf6 3. Bg2 g6 4. O-O Bg7 5. d3 d6 6. Nc3 O-O 7. e4 Nc6 8. exf5
Bxf5 9. d4 Qd7 10. d5 Nd8 11. Be3 c5 12. dxc6 bxc6 13. Nd4 Bh3 14. f3 Bxg2 15.
Kxg2 e5 16. Nb3 Ne6 17. Qd2 d5 18. Na4 d4 19. Bg1 Qd6 20. c3 c5 21. cxd4 cxd4
22. Rac1 Rfc8 23. Nc3 Qa6 24. Ne4 Qxa2 25. Rxc8+ Rxc8 26. Rc1 Rb8 0-1

[Event "GBR-ch89 Senior"]
[Site "Torquay"]
[Date "2002.08.06"]
[Round "4"]
[White "Levens, David G"]
[Black "Toothill, John"]
[Result "1/2-1/2"]
[WhiteElo "1848"]
[BlackElo "2048"]
[PlyCount "120"]
[EventDate "2002.08.03"]
[EventType "swiss"]
[EventRounds "7"]
[EventCountry "GBR"]

1. e4 e5 2. f4 exf4 3. Bc4 d5 4. exd5 Bd6 5. Nf3 Nf6 6. Qe2+ Qe7 7. Qxe7+ Kxe7
8. O-O Rd8 9. Bb3 c6 10. d4 cxd5 11. Nc3 Be6 12. Nb5 Nh5 13. Bd2 Nc6 14. Nxd6
Kxd6 15. c3 Na5 16. Bc2 Nc4 17. Bc1 h6 18. b3 Nb6 19. Ba3+ Kc7 20. Bd3 Rac8 21.
Rac1 Kb8 22. Be2 Nf6 23. Nd2 g5 24. Be7 Ne4 25. Nxe4 dxe4 26. Bxd8 Rxd8 27.
Rfd1 g4 28. Re1 Bf5 29. Bc4 Rd7 30. g3 f3 31. Kf2 Nc8 32. Ke3 Nd6 33. Kf4 Re7
34. Bd5 h5 35. c4 Bg6 36. a4 f5 37. c5 Ne8 38. Bc4 h4 39. d5 hxg3 40. hxg3 Ng7
41. Kg5 Nh5 42. Kxg6 Nxg3 43. d6 Re8 44. Kg5 Rf8 45. Rg1 f4 46. Kxg4 Ne2 47.
Rce1 f2 48. Rgf1 fxe1=Q 49. Rxe1 Ng3 50. Bd5 e3 51. b4 Nf5 52. b5 b6 53. Be4
Ng3 54. Bc6 bxc5 55. a5 Nf5 56. Kxf4 Nxd6+ 57. Ke5 Nc4+ 58. Kd5 Nxa5 59. Kxc5
Kc7 60. Rxe3 Nxc6 1/2-1/2

[Event "GBR-ch89 Senior"]
[Site "Torquay"]
[Date "2002.08.06"]
[Round "4"]
[White "Macdonald-Ross, Michael"]
[Black "Downham, Alan"]
[Result "1-0"]
[WhiteElo "2064"]
[BlackElo "1880"]
[PlyCount "63"]
[EventDate "2002.08.03"]
[EventType "swiss"]
[EventRounds "7"]
[EventCountry "GBR"]

1. d4 d5 2. Nf3 Nf6 3. e3 c6 4. c4 Bf5 5. Qb3 Qc7 6. cxd5 Nxd5 7. Nc3 Nf6 8.
Bd2 Nbd7 9. Rc1 e6 10. Be2 Be7 11. O-O O-O 12. Rfd1 Rac8 13. Be1 Qb8 14. Nh4
Ng4 15. Nf3 Ngf6 16. h3 h6 17. Nd2 e5 18. Nf1 exd4 19. exd4 Nb6 20. Ne3 Bg6 21.
Bf3 Qf4 22. Ne2 Qh4 23. Ng3 Qf4 24. a4 Bd6 25. a5 Nbd5 26. Nc4 Bb8 27. Qxb7 Be4
28. Bxe4 Nxe4 29. Ne5 Nxg3 30. fxg3 Qe4 31. Nxc6 Ne3 32. Ne7+ 1-0

[Event "GBR-ch89 Senior"]
[Site "Torquay"]
[Date "2002.08.06"]
[Round "4"]
[White "Macrae, James"]
[Black "Flockhart, Hugh S"]
[Result "1-0"]
[WhiteElo "1520"]
[BlackElo "1704"]
[PlyCount "83"]
[EventDate "2002.08.03"]
[EventType "swiss"]
[EventRounds "7"]
[EventCountry "GBR"]

1. d4 Nf6 2. Nf3 b6 3. e3 Bb7 4. Bd3 e6 5. Nbd2 c5 6. c3 Be7 7. O-O O-O 8. e4
cxd4 9. Nxd4 Nc6 10. Qe2 Ne5 11. Bc2 a6 12. f4 Nc6 13. N2f3 Bc5 14. Kh1 b5 15.
e5 Bxd4 16. cxd4 Nh5 17. Qd3 g6 18. a3 Ne7 19. g4 Ng7 20. Kg1 Nd5 21. Bd2 Rc8
22. Rac1 Qb6 23. Kg2 Rc7 24. Kg3 Rfc8 25. Bb1 d6 26. Rxc7 Rxc7 27. Rc1 Rxc1 28.
Bxc1 Qc6 29. Qc2 Qd7 30. Bd2 f6 31. h4 f5 32. exd6 fxg4 33. Ne5 Nh5+ 34. Kxg4
Qxd6 35. Nxg6 Ndf6+ 36. Kh3 Kg7 37. Ne5 Be4 38. Qd1 Bxb1 39. Qxb1 Qxd4 40. Qc1
Qd6 41. Qg1+ Kh8 42. Nf7# 1-0

[Event "GBR-ch89 Senior"]
[Site "Torquay"]
[Date "2002.08.06"]
[Round "4"]
[White "Pinkerton, Arthur"]
[Black "Byre, Peter I R"]
[Result "1-0"]
[WhiteElo "1768"]
[BlackElo "1632"]
[PlyCount "63"]
[EventDate "2002.08.03"]
[EventType "swiss"]
[EventRounds "7"]
[EventCountry "GBR"]

1. d4 f5 2. c4 e6 3. Nc3 Nf6 4. Nf3 d5 5. e3 c6 6. Bd2 Bd6 7. b3 O-O 8. g3 Nbd7
9. Bg2 b6 10. Ne2 Bb7 11. O-O dxc4 12. bxc4 Qe8 13. Nf4 Bxf4 14. exf4 c5 15.
Re1 Ne4 16. Ng5 Rc8 17. d5 Nxg5 18. fxg5 e5 19. Bc3 Qg6 20. h4 Qd6 21. Qd2 Rce8
22. f4 Ba6 23. Bf1 exf4 24. Qxf4 Qxf4 25. gxf4 Re4 26. Rxe4 fxe4 27. Bd2 Re8
28. Re1 Kf7 29. Kg2 Kg6 30. Kg3 Re7 31. h5+ Kxh5 32. f5 1-0

[Event "GBR-ch89 Senior"]
[Site "Torquay"]
[Date "2002.08.06"]
[Round "4"]
[White "Reuben, Stewart"]
[Black "Nicolson, James R"]
[Result "1/2-1/2"]
[WhiteElo "2000"]
[BlackElo "1656"]
[PlyCount "27"]
[EventDate "2002.08.03"]
[EventType "swiss"]
[EventRounds "7"]
[EventCountry "GBR"]

1. c4 c5 2. g3 g6 3. Bg2 Bg7 4. Nc3 Nc6 5. Nh3 e5 6. d3 d6 7. f4 Nge7 8. Be3
Nd4 9. fxe5 dxe5 10. O-O O-O 11. Nd5 Nxd5 12. cxd5 Bxh3 13. Bxh3 Qxd5 14. Qd2
1/2-1/2

[Event "GBR-ch89 Senior"]
[Site "Torquay"]
[Date "2002.08.06"]
[Round "4"]
[White "Smith, David"]
[Black "Heath, Jeffrey"]
[Result "1/2-1/2"]
[WhiteElo "1704"]
[BlackElo "1688"]
[PlyCount "78"]
[EventDate "2002.08.03"]
[EventType "swiss"]
[EventRounds "7"]
[EventCountry "GBR"]

1. e4 c5 2. Nf3 e6 3. d4 cxd4 4. Nxd4 Nf6 5. Nc3 d6 6. Bc4 a6 7. Bb3 Be7 8. O-O
Bd7 9. Be3 O-O 10. Kh1 Nc6 11. a4 Na5 12. Ba2 Rc8 13. Qe2 Rxc3 14. bxc3 Nxe4
15. Qd3 Nc5 16. Qd2 Bxa4 17. Nxe6 fxe6 18. Bxc5 Bb5 19. Bxe6+ Kh8 20. Bb4 Nc4
21. Bxc4 Bxc4 22. Rfe1 Rf6 23. Qd4 Bb5 24. c4 Bc6 25. Qe3 Rg6 26. f3 Bf6 27.
Rad1 Bg5 28. Qd3 Bf4 29. Qe2 h6 30. Qe7 Qxe7 31. Rxe7 Be5 32. Re1 Rf6 33. c5
dxc5 34. Bxc5 Bd6 35. Bxd6 Rxd6 36. h3 a5 37. Ra1 a4 38. Re3 Rd2 39. Rc3 Kg8
1/2-1/2

[Event "GBR-ch89 Senior"]
[Site "Torquay"]
[Date "2002.08.06"]
[Round "4"]
[White "Smith, Ivor BN"]
[Black "Cook, Michael P"]
[Result "1/2-1/2"]
[WhiteElo "1976"]
[BlackElo "2088"]
[PlyCount "54"]
[EventDate "2002.08.03"]
[EventType "swiss"]
[EventRounds "7"]
[EventCountry "GBR"]

1. e4 e5 2. Nf3 Nc6 3. c3 Nf6 4. d4 Nxe4 5. Bd3 d5 6. dxe5 Be7 7. Nbd2 f5 8.
exf6 Nxf6 9. h3 O-O 10. Nb3 Qe8 11. Be3 Ne4 12. Bxe4 dxe4 13. Qd5+ Kh8 14. Qxe4
Bf5 15. Qc4 Rd8 16. Nbd4 Nxd4 17. Nxd4 Bg5 18. Qe2 Bxe3 19. fxe3 c5 20. Nxf5
Rxf5 21. Rd1 Rxd1+ 22. Kxd1 Qf7 23. Qg4 h5 24. Qe4 Qg6 25. Re1 Qf7 26. Kc1 c4
27. Rd1 Rf1 1/2-1/2

[Event "GBR-ch89 Senior"]
[Site "Torquay"]
[Date "2002.08.06"]
[Round "4"]
[White "Tidmarsh, David A"]
[Black "Woodcock, Roy"]
[Result "0-1"]
[WhiteElo "1648"]
[BlackElo "1664"]
[PlyCount "102"]
[EventDate "2002.08.03"]
[EventType "swiss"]
[EventRounds "7"]
[EventCountry "GBR"]

1. e4 e5 2. Nf3 Nf6 3. Nxe5 d6 4. Nf3 Nxe4 5. d4 d5 6. Bd3 Be7 7. O-O Nc6 8.
Re1 Bg4 9. c4 Nf6 10. cxd5 Nb4 11. Bb5+ Kf8 12. Be2 Bf5 13. Na3 Nfxd5 14. Bc4
f6 15. Qb3 a5 16. Bxd5 Qxd5 17. Qxd5 Nxd5 18. Nc4 Bd7 19. a3 Kf7 20. Bd2 b6 21.
g3 Rhe8 22. Rac1 Rac8 23. Ne3 Be6 24. Nh4 Bd6 25. Nhg2 Ne7 26. Nc4 Bxc4 27.
Rxc4 Nd5 28. Rcc1 Rxe1+ 29. Rxe1 Re8 30. Rxe8 Kxe8 31. Ne3 Ne7 32. Nc4 Nc8 33.
Kg2 Kd7 34. Kf3 f5 35. Ke3 Ke6 36. Kd3 Ne7 37. Ne3 c6 38. Ng2 Nd5 39. Ne3 a4
40. Nxd5 Kxd5 41. f3 h5 42. Bg5 b5 43. Be3 Bc7 44. Bg5 Ba5 45. h3 Be1 46. Bf4
Bf2 47. Be5 g6 48. g4 c5 49. gxf5 gxf5 50. Bf6 Bxd4 51. Bxd4 cxd4 0-1

[Event "GBR-ch89 Senior"]
[Site "Torquay"]
[Date "2002.08.06"]
[Round "4"]
[White "Westra, Roelof D"]
[Black "Reddie, Michael J"]
[Result "1-0"]
[WhiteElo "2000"]
[BlackElo "1800"]
[PlyCount "83"]
[EventDate "2002.08.03"]
[EventType "swiss"]
[EventRounds "7"]
[EventCountry "GBR"]

1. e4 c5 2. Nf3 Nc6 3. d4 cxd4 4. Nxd4 Nf6 5. Nc3 e5 6. Ndb5 d6 7. Bg5 a6 8.
Bxf6 gxf6 9. Na3 b5 10. Nd5 f5 11. exf5 Bxf5 12. c3 Bg7 13. Nc2 O-O 14. a4 b4
15. Nce3 Be6 16. Bc4 bxc3 17. bxc3 Kh8 18. Rb1 Na5 19. Ba2 f5 20. O-O e4 21. f4
Rb8 22. Qe2 Nb7 23. Kh1 Nc5 24. Nb4 Bxa2 25. Qxa2 Qh4 26. g3 Qh5 27. Qd5 Rf6
28. g4 Qh3 29. Nxf5 Qxc3 30. Na2 Rxb1 31. Nxc3 Rxf1+ 32. Kg2 Rxf4 33. h3 h5 34.
Ne2 Rf3 35. Ned4 Rd3 36. Nxg7 Kxg7 37. Nf5+ Kh7 38. Qa8 hxg4 39. hxg4 Rb3 40.
Qd8 Rb2+ 41. Kg3 Rb3+ 42. Kh4 1-0

[Event "GBR-ch89 Senior"]
[Site "Torquay"]
[Date "2002.08.07"]
[Round "5"]
[White "Anderton, David W"]
[Black "Macdonald-Ross, Michael"]
[Result "1/2-1/2"]
[WhiteElo "2152"]
[BlackElo "2064"]
[PlyCount "51"]
[EventDate "2002.08.03"]
[EventType "swiss"]
[EventRounds "7"]
[EventCountry "GBR"]

1. d4 d5 2. c4 e6 3. Nc3 Be7 4. Nf3 Nf6 5. Bg5 O-O 6. e3 h6 7. Bh4 b6 8. Bd3
Bb7 9. Bg3 c5 10. O-O Nc6 11. cxd5 exd5 12. Rc1 a6 13. Bb1 Re8 14. Ne5 Nxe5 15.
Bxe5 c4 16. f3 b5 17. a3 Qd7 18. b4 a5 19. g4 axb4 20. axb4 Nh7 21. Bf5 Qc6 22.
Rb1 g6 23. Bc2 Ra3 24. Qd2 Qd7 25. Bg3 Kg7 26. h3 1/2-1/2

[Event "GBR-ch89 Senior"]
[Site "Torquay"]
[Date "2002.08.07"]
[Round "5"]
[White "Cook, Michael P"]
[Black "Ellison, D George"]
[Result "0-1"]
[WhiteElo "2088"]
[BlackElo "2016"]
[PlyCount "108"]
[EventDate "2002.08.03"]
[EventType "swiss"]
[EventRounds "7"]
[EventCountry "GBR"]

1. d4 e6 2. Nf3 f5 3. Bg5 Be7 4. h4 Nf6 5. Nbd2 d6 6. Bxf6 Bxf6 7. e4 Nc6 8. c3
Qe7 9. Bb5 fxe4 10. Nxe4 Bd7 11. Qe2 O-O-O 12. O-O-O h6 13. Kb1 Kb8 14. Ka1 a6
15. Nxf6 Qxf6 16. Bc4 Rhe8 17. Nd2 d5 18. Bxa6 bxa6 19. Qxa6 Na7 20. Qa5 Bc6
21. Nf3 Bb7 22. Rhe1 Rd6 23. Qa4 Re7 24. Qc2 Nc6 25. Ne5 Rd8 26. Nd3 e5 27. Qb3
e4 28. Nc5 Na5 29. Qb4 Qd6 30. Na6+ Qxa6 31. Qxe7 Qf6 32. Qxf6 gxf6 33. Re3 Rg8
34. Rg1 f5 35. f4 Nc4 36. Re2 Bc8 37. b3 Nd6 38. Re3 Be6 39. g3 Bf7 40. Kb1 Bh5
41. Rc1 Bf3 42. c4 Rxg3 43. a4 Rg4 44. c5 Nc8 45. b4 Rxf4 46. b5 Rg4 47. a5 f4
48. Rb3 Be2 49. c6 Bd3+ 50. Kb2 f3 51. b6 Ba6 52. b7 Nd6 53. Rb6 cxb6 54. axb6
Bxb7 0-1

[Event "GBR-ch89 Senior"]
[Site "Torquay"]
[Date "2002.08.07"]
[Round "5"]
[White "Downham, Alan"]
[Black "Pinkerton, Arthur"]
[Result "0-1"]
[WhiteElo "1880"]
[BlackElo "1768"]
[PlyCount "104"]
[EventDate "2002.08.03"]
[EventType "swiss"]
[EventRounds "7"]
[EventCountry "GBR"]

1. c4 Nf6 2. Nc3 e6 3. g3 d5 4. Bg2 c6 5. d3 Nbd7 6. Nf3 Bd6 7. O-O O-O 8. a3
e5 9. e3 b6 10. b4 Bb7 11. Qb3 Qc8 12. Bb2 Re8 13. Rfd1 Bf8 14. Rac1 dxc4 15.
dxc4 e4 16. Ng5 c5 17. Nd5 Bxd5 18. cxd5 h6 19. Nh3 Qd8 20. Nf4 cxb4 21. axb4
Ne5 22. Bxe5 Rxe5 23. Qb2 Bd6 24. Rc6 Qe7 25. b5 Rd8 26. Qc2 g5 27. Ne2 Nxd5
28. Rd4 Nb4 29. Qc4 Nxc6 30. bxc6 Rc5 31. Qa4 f5 32. g4 b5 33. Qa2+ Qf7 34. Qd2
Rxc6 35. gxf5 Rb6 36. Bxe4 Qf6 37. Ng3 Re8 38. Bd5+ Kh8 39. e4 Bc5 40. Rd3 Qe5
41. Bf7 Rf8 42. Bd5 b4 43. Nh5 a5 44. Kg2 a4 45. Rh3 Qd4 46. Rd3 Qxf2+ 47. Qxf2
Bxf2 48. Kxf2 b3 49. Rd1 a3 50. Ra1 a2 51. Bxb3 Rxb3 52. Rxa2 Rh3 0-1

[Event "GBR-ch89 Senior"]
[Site "Torquay"]
[Date "2002.08.07"]
[Round "5"]
[White "Flockhart, Hugh S"]
[Black "Thomas, Norman G"]
[Result "1-0"]
[WhiteElo "1704"]
[BlackElo "1584"]
[PlyCount "90"]
[EventDate "2002.08.03"]
[EventType "swiss"]
[EventRounds "7"]
[EventCountry "GBR"]

1. e4 c5 2. Nf3 Nf6 3. Bd3 e6 4. e5 Nd5 5. O-O Nf4 6. Be4 d5 7. exd6 Bxd6 8. d4
O-O 9. dxc5 Bc7 10. Nc3 a6 11. Be3 Qe7 12. g3 f5 13. Bxf4 fxe4 14. Bxc7 Qxc7
15. Nxe4 Qc6 16. Nd6 Qxc5 17. Nxc8 Rxc8 18. c3 Nc6 19. Qb3 Qd5 20. Qxd5 exd5
21. Rad1 Rf8 22. Ng5 Rfd8 23. f4 h6 24. Nf3 Rd6 25. Rfe1 Rad8 26. Re2 d4 27.
Red2 dxc3 28. bxc3 Rxd2 29. Rxd2 Rxd2 30. Nxd2 b5 31. Kf2 Kf7 32. Ke3 g6 33.
Ke4 Ke6 34. Nb3 Kd6 35. g4 a5 36. Nd4 b4 37. Nxc6 Kxc6 38. cxb4 axb4 39. f5
gxf5+ 40. gxf5 Kd6 41. Kd4 Ke7 42. Kc5 Kf6 43. Kxb4 Kxf5 44. Kb5 Ke4 45. Kc6
Kd4 1-0

[Event "GBR-ch89 Senior"]
[Site "Torquay"]
[Date "2002.08.07"]
[Round "5"]
[White "Heath, Jeffrey"]
[Black "Byre, Peter I R"]
[Result "1/2-1/2"]
[WhiteElo "1688"]
[BlackElo "1632"]
[PlyCount "50"]
[EventDate "2002.08.03"]
[EventType "swiss"]
[EventRounds "7"]
[EventCountry "GBR"]

1. e4 c5 2. Nf3 Nc6 3. d3 d6 4. g3 Nf6 5. Bg2 e5 6. O-O Be7 7. Nbd2 h6 8. a4
Be6 9. Re1 O-O 10. Nc4 a6 11. Ne3 Qd7 12. a5 Bd8 13. Bd2 Nb4 14. Bxb4 cxb4 15.
Nc4 Rc8 16. Qd2 Bxc4 17. dxc4 Rxc4 18. Nh4 Qc6 19. Nf5 Rxc2 20. Qxd6 Qxd6 21.
Nxd6 Rxb2 22. Nc4 Rc2 23. Rec1 Rxc1+ 24. Rxc1 Nd7 25. Bh3 Nc5 1/2-1/2

[Event "GBR-ch89 Senior"]
[Site "Torquay"]
[Date "2002.08.07"]
[Round "5"]
[White "Levens, David G"]
[Black "Boyce, James R"]
[Result "0-1"]
[WhiteElo "1848"]
[BlackElo "1960"]
[PlyCount "56"]
[EventDate "2002.08.03"]
[EventType "swiss"]
[EventRounds "7"]
[EventCountry "GBR"]

1. e4 e5 2. f4 exf4 3. Bc4 d5 4. exd5 Nf6 5. Qf3 Bd6 6. d3 Bg4 7. Qf2 Qe7+ 8.
Kf1 O-O 9. Nc3 a6 10. Bxf4 Bxf4 11. Qxf4 Re8 12. Nf3 Bxf3 13. Qxf3 Nbd7 14. d4
Qb4 15. Bd3 Qxd4 16. Rd1 Qb6 17. Na4 Qb4 18. b3 b5 19. Nb2 Ne5 20. Qg3 Qa3 21.
Rb1 Qxa2 22. c4 Nxd3 23. Qxd3 Re3 24. Qc2 bxc4 25. Rc1 cxb3 26. Qc6 Rae8 27.
Nc4 Qe2+ 28. Kg1 Ng4 0-1

[Event "GBR-ch89 Senior"]
[Site "Torquay"]
[Date "2002.08.07"]
[Round "5"]
[White "Nicolson, James R"]
[Black "Tidmarsh, David A"]
[Result "1/2-1/2"]
[WhiteElo "1656"]
[BlackElo "1648"]
[PlyCount "33"]
[EventDate "2002.08.03"]
[EventType "swiss"]
[EventRounds "7"]
[EventCountry "GBR"]

1. c4 e5 2. Nc3 Nf6 3. Nf3 Nc6 4. g3 g6 5. Bg2 Bg7 6. O-O O-O 7. d4 exd4 8.
Nxd4 Re8 9. e3 a6 10. b3 Rb8 11. Bb2 Ne7 12. e4 d6 13. Qd2 b6 14. f4 Nd7 15.
Nd5 Bb7 16. b4 c5 17. Nf3 1/2-1/2

[Event "GBR-ch89 Senior"]
[Site "Torquay"]
[Date "2002.08.07"]
[Round "5"]
[White "Reddie, Michael J"]
[Black "Reuben, Stewart"]
[Result "0-1"]
[WhiteElo "1800"]
[BlackElo "2000"]
[PlyCount "68"]
[EventDate "2002.08.03"]
[EventType "swiss"]
[EventRounds "7"]
[EventCountry "GBR"]

1. d4 Nf6 2. c4 e6 3. Nc3 Bb4 4. f3 c5 5. d5 b5 6. e4 bxc4 7. Bxc4 exd5 8. Bxd5
Nxd5 9. Qxd5 Nc6 10. Be3 Rb8 11. Nge2 Ba6 12. O-O Bxc3 13. Nxc3 Bxf1 14. Rxf1
O-O 15. Bxc5 Re8 16. Ba3 Nb4 17. Qd2 Qb6+ 18. Kh1 Qe6 19. Bxb4 Rxb4 20. Nd5 Rb7
21. Rc1 Qd6 22. Kg1 f5 23. Qd4 fxe4 24. fxe4 Qe5 25. Qc4 Kh8 26. b3 h6 27. Re1
Rbb8 28. Qd3 Rbc8 29. h3 Rc5 30. Nb4 d5 31. Qd2 dxe4 32. Re3 Qa1+ 33. Kh2 Qe5+
34. Kg1 a5 0-1